00709cam a22002053a 450000100060000000300060000600500170001200800410002904000150007004200070008505000070009210000450009924501950014426000290033950600300036851600200039865300140041883000290043285600420046114834PGUSA20140828083322.0050129s2005||||xxu|||||s|||||000 | eng d aPGUSAbeng adc 4aQH1 aTyler, John M.q(John Mason),d1851-192914aThe Whence and the Whither of Man :bA Brief History of His Origin and Development through Conformity to Environment; Being the Morse Lectures of 1895h[electronic resource] /cJohn M. Tyler bProject Gutenberg,c2005 aPublic domain in the USA. aElectronic text aEvolution 0aProject Gutenbergv1483440uhttp://www.gutenberg.org/ebooks/14834